| 000 | 01460cam a2200289 a 4500 | ||
|---|---|---|---|
| 001 | 000008313 | ||
| 003 | DO-SdBNP | ||
| 005 | 20250617102642.0 | ||
| 008 | 010508s2000 ck 000 0 eng | ||
| 020 | _a9588052572 | ||
| 040 |
_aDO-SdBNP _bspa _cBNPHU |
||
| 082 | 4 |
_a390.09861 _bP784n _222 |
|
| 100 | 1 |
_aPomare, Lolia. _922467 |
|
| 245 | 1 | 0 |
_a Nacimiento, vida y muerte de un sanandresano = Birth, life, and death of a San Andrean / _cnarración oral original en inglés criollo, Lolia Pomare ; versiones escritas en inglés y español, Marcia Dittmann ; ilustraciones, Iván Villa = Birth, life, and death of a San Andrean / original oral narration in Islander English, Lolia Pomare ; English and Spanish written versions, Marcia Dittmann ; illustrations, Iván Villa |
| 260 |
_aBogotá : _bMinisterio de Cultura, _c2000. |
||
| 300 |
_a161 p. : _bill. ; _c21 cm. |
||
| 490 | 1 | _aPremios Nacionales de Cultura 1998. | |
| 490 | 1 | _aLiteratura oral negra y raizal | |
| 504 | _aIncluye glosario de terminos | ||
| 546 | _aTexto en español e inglés | ||
| 650 | 0 |
_aSociolingüística _zColombia _zIsla de San Andrés (San Andrés y Providencia) _927887 |
|
| 651 | 4 |
_a Isla de San Andrés (San Andrés y Providencia, Colombia) _x Vida social y costumbres _922471 |
|
| 700 | 1 |
_aDittmann, Marcia Lynn _922473 |
|
| 830 | 0 |
_aPremios Nacionales de Cultura, _pLiteratura oral negra y raizal. _922474 |
|
| 910 | _aCatalogación por copia / LC | ||
| 942 |
_2ddc _cLBS1 |
||
| 999 |
_c8084 _d8084 |
||